Statistics for Countries With Flags That Have Black And Red

Click here to take the quiz!

General Stats

  • This quiz has been taken 29 times
  • The average score is 31 of 36

Answer Stats

Answer% Correct
Belgium
100%
Egypt
100%
Germany
100%
South Africa
100%
Angola
96%
South Sudan
93%
Zimbabwe
93%
Albania
89%
Brunei
89%
Ghana
89%
Iraq
89%
Kenya
89%
Kuwait
89%
South Korea
89%
Uganda
89%
Afghanistan
85%
Dominica
85%
Guyana
85%
Mozambique
85%
Sudan
85%
Syria
85%
Trinidad and Tobago
85%
Yemen
85%
Eswatini
81%
Jordan
81%
Libya
81%
Malawi
81%
United Arab Emirates
81%
Zambia
81%
Antigua and Barbuda
78%
Guinea-Bissau
78%
Papua New Guinea
78%
Sao Tomé and Príncipe
78%
East Timor
70%
St Kitts and Nevis
67%
Vanuatu
67%

Score Distribution

Percentile by Number Answered

Percent of People with Each Score

Your Score History

You have not taken this quiz